Song To Sample - Ye (fka Kanye West) Version [Part 2] - Statistics

General Stats
  • This quiz has been taken 9 times
  • The average score is 9 of 20
Answer Stats
Hint Answer % Correct
Diamonds From Sierra Leone Diamonds Are Forever
100%
Bittersweet Poetry Bittersweet
88%
Ultralight Beam Natalie Praying And She’s Only 4 Years Old!
75%
Pt. 2 Panda
75%
Blood On The Leaves Strange Fruit
63%
Family Buisness Fonky Thang, Diamon’ Rang
50%
New Slaves Gyöngyhajú Lány
50%
FIRST TIME IN A LONG TIME Long Time
50%
Ye vs. the People 7 Rooms Of Gloom
38%
Runaway Introduction To Star Time!
38%
FACTS Jumpman
38%
Off The Grid Pastoral Suite 10
38%
Remote Control The Globglogabgalab
38%
Cudi Montage Burn The Rain
25%
Everything I Am If We Can’t Be Lovers
25%
Dark Fantasy Wandering Ginza Butterfly
25%
LOUIE BAGS We Did It, Joe!
25%
Late What’s Beef
25%
XTCY My Bleeding Round
13%
Gourgous You Showed Me
13%
No matching quizzes found
Score Distribution
Percent of People with Each Score
Percentile by Number Answered
Your Score History
You have not taken this quiz